Commentary on MARPOL: consolidated edition. Volume B (Record no. 470)
[ view plain ]
| 000 -LEADER | |
|---|---|
| fixed length control field | 00369 a2200121 4500 |
| 008 - FIXED-LENGTH DATA ELEMENTS--GENERAL INFORMATION | |
| fixed length control field | 221017b ||||| |||| 00| 0 eng d |
| 082 00 - DEWEY DECIMAL CLASSIFICATION NUMBER | |
| Classification number | 344.0463 |
| Item number | B5752 |
| 245 ## - TITLE STATEMENT | |
| Title | Commentary on MARPOL: consolidated edition. Volume B |
| 260 ## - PUBLICATION, DISTRIBUTION, ETC. (IMPRINT) | |
| Place of publication, distribution, etc | Mumbai: |
| Name of publisher, distributor, etc | Bhandarkar Publication, |
| Date of publication, distribution, etc | 2016. |
| 300 ## - PHYSICAL DESCRIPTION | |
| Extent | B-96+371 p. |
| 650 #0 - SUBJECT ADDED ENTRY--TOPICAL TERM | |
| Topical term or geographic name as entry element | Marine pollution - Law and legislation |
| 942 ## - ADDED ENTRY ELEMENTS (KOHA) | |
| Source of classification or shelving scheme | |
| Item type | Books |
| Withdrawn status | Lost status | Source of classification or shelving scheme | Damaged status | Not for loan | Permanent location | Current location | Date acquired | Source of acquisition | Cost, normal purchase price | Full call number | Barcode | Date last seen | Cost, replacement price | Koha item type | Total Checkouts | Date last borrowed |
|---|---|---|---|---|---|---|---|---|---|---|---|---|---|---|---|---|
| IMU Kolkata | IMU Kolkata | 2017-05-04 | Sterling Book House | 0.00 | 344.0463 B5752 | 12535 | 2019-10-14 | 0.00 | Books | |||||||
| IMU Kolkata | IMU Kolkata | 2017-05-04 | Sterling Book House | 0.00 | 344.0463 B5752 | 12537 | 2019-10-14 | 0.00 | Books | |||||||
| IMU Kolkata | IMU Kolkata | 2017-05-04 | Sterling Book House | 0.00 | 344.0463 B5752 | 12539 | 2022-10-14 | 0.00 | Books | 1 | 2022-09-26 | |||||
| IMU Kolkata | IMU Kolkata | 2017-05-04 | Sterling Book House | 0.00 | 344.0463 B5752 | 12541 | 2019-10-14 | 0.00 | Books | |||||||
| IMU Kolkata | IMU Kolkata | 2017-05-04 | Sterling Book House | 0.00 | 344.0463 B5752 | 12543 | 2019-10-14 | 0.00 | Books |